| 000 | 01265cam a2200385 a 4500 | ||
|---|---|---|---|
| 001 | 85179 | ||
| 005 | 20230410123943.0 | ||
| 008 | 030624s2003 ck b 000 0 spa c | ||
| 035 | _a(OCoLC)ocm62871262 | ||
| 040 |
_aCSt _cSTF _dBAKER _dYDXCP |
||
| 020 | _a9580474443 | ||
| 020 | _a9789580474449 | ||
| 035 | _a(OCoLC)62871262 | ||
| 042 | _apcc | ||
| 050 | 1 | 4 |
_aLB 1033.5 _bM379e 2003 |
| 082 | 0 | 0 | _a371.1102 |
| 049 | _aGRAL | ||
| 100 | 1 | _aMartín-Barbero, Jesús. | |
| 245 | 1 | 3 |
_aLa educacion desde la comunicación / _cJesus Martín-Barbero. |
| 260 |
_aBogotá : _bGrupo Editorial Norma, _c2003. |
||
| 300 |
_a132 p. ; _c18 cm. |
||
| 440 | 0 |
_aEnciclopedia latinoamericana de sociocultura y comunicación ; _v18 |
|
| 504 | _aIncludes bibliographical references (p. 121-132). | ||
| 650 | 0 | _aCommunication in education. | |
| 650 | 0 |
_aEducation _xEffect of technological innovations on. |
|
| 650 | 4 | _aEducación y sociedad. | |
| 650 | 4 | _aComunicación en educación. | |
| 650 | 4 | _aSociología de la educación. | |
| 650 | 4 | _aInnovaciones educativas. | |
| 938 |
_aBaker & Taylor _bBKTY _c10.50 _d7.88 _i9580474443 _n0006728134 _sactive |
||
| 938 |
_aYBP Library Services _bYANK _n2685247 |
||
| 942 |
_2lcc _cbk |
||
| 946 | _aaa | ||
| 994 |
_aC0 _bDRFGD |
||
| 999 |
_c68695 _d68695 |
||